000 01124cam a22002891 4500
001 2554
003 BD-RjUL
005 20211208233559.0
008 131212s1966 enk b 101 0 eng d
035 _a(BD-RjUL) 2581
040 _aDLC
_cDLC
_dDLC
_dBD-RjUL
_beng
041 _aeng
082 0 0 _a331.191724
_bIND 1966
111 2 _aResearch Conference on Industrial Relations and Economic Development,
_cGeneva,
_d1966.
_98252
245 1 0 _aIndustrial relations and economic development /
_c Arthur M. Ross.
260 _aLondon,
_bpublished for the International Institute for Labour Studies by Macmillan,
_cc1966
300 _axxxv, 413 p.;
_c22 cm.
504 _a"Literature on industrial relations and economic development": p. [321]-406. Bibliographical footnotes.
650 0 _aIndustrial relations
_xCongresses.
_98253
650 0 _aEconomic development
_xCongresses.
_98254
650 0 _aIndustrial policy
_xCongresses.
_98255
700 1 _aRoss, Arthur Max,
_eed.
_98256
710 2 _aInternational Institute for Labour Studies.
_98257
942 _2ddc
_cBK
999 _c2554
_d2554